000 00330nam a2200133Ia 4500
008 210210b1974 xxu||||| |||| 00| 0 eng d
082 _a158 MAUG
100 _aMAURUS (J).
245 _aGod's psychology.
260 _aAllahabad
_bBetter yourself books
_c1974
300 _a110
690 _aApplied Psychology
906 _aSG01472
999 _c112665
_d112665